|
|
|
|
| LEADER |
01761nam a2200325 i 4500 |
| 001 |
10088160 |
| 003 |
GR-PaULI |
| 005 |
20241211121825.0 |
| 008 |
101129s gr g d gre d |
| 040 |
|
|
|a GR-PaULI
|c GR-PaULI
|b gre
|e AACR2
|
| 041 |
1 |
|
|a gre
|h fre
|
| 082 |
0 |
4 |
|a 842.912
|2 23
|
| 100 |
1 |
|
|a Anouilh, Jean
|d 1910-1987
|9 55182
|e συγγραφέας
|
| 245 |
1 |
0 |
|a Μήδεια :
|b σε μια πράξη ; Ιεζαβέλ : σε τρεις πράξεις /
|c Jean Anouilh ; μετάφραση Φώντας Κονδύλης.
|
| 246 |
1 |
4 |
|a Μήδεια και Ιεζαβέλ
|
| 260 |
|
|
|a Αθήνα :
|b Δωδώνη,
|c [χ.χ.].
|
| 300 |
|
|
|a 150 σ. ;
|c 21 εκ.
|
| 490 |
1 |
|
|a Παγκόσμιο Θέατρο / Δωδώνη ;
|v 9
|
| 500 |
|
|
|a Τιτλοι πρωτοτύπων : Medee. Jesabel.
|
| 650 |
|
4 |
|a Γαλλικό δράμα
|y 20ός αιώνας
|9 101627
|
| 700 |
1 |
4 |
|a Κονδύλης, Φώντας,
|d 1940-2002
|e μεταφραστής
|9 45881
|
| 760 |
0 |
|
|a Παγκόσμιο Θέατρο
|g 9
|
| 830 |
|
0 |
|a Παγκόσμιο θέατρο (Δωδώνη)
|9 155820
|
| 852 |
|
|
|a GR-PaULI
|b ΠΑΤΡΑ
|b ΘΕΑΤΡΟΛΟΓΙΑ
|k ΑΣΧΕ
|h 842.912 ANO
|m 07235
|p 025000137046
|t 1
|
| 942 |
|
|
|2 ddc
|c BK15
|
| 952 |
|
|
|0 0
|1 0
|4 0
|6 842_912000000000000_ANO
|7 0
|9 94896
|a THST
|b THST
|d 2016-04-24
|i 07235
|l 4
|o 842.912 ANO
|p 025000137046
|r 2025-01-28 12:09:51
|s 2024-12-11
|t 1
|v 2016.00
|w 2016-04-24
|y BK15
|
| 952 |
|
|
|0 0
|1 0
|2 ddc
|4 0
|6 842_912000000000000_ANO
|7 0
|9 385343
|a THST
|b THST
|d 2024-11-29
|i 018058
|l 0
|o 842.912 ANO
|p 025000013972
|r 2024-11-29 12:27:06
|t 2
|w 2024-11-29
|y BK15
|
| 952 |
|
|
|0 0
|1 0
|2 ddc
|4 0
|6 842_912000000000000_ANO
|7 0
|9 386700
|a THST
|b THST
|d 2025-01-27
|i 018109
|l 0
|o 842.912 ANO
|r 2025-01-27 12:58:05
|t 3
|w 2025-01-27
|y BK15
|
| 998 |
|
|
|c ΜΑΝΙΑ
|d 2010-11
|
| 999 |
|
|
|c 63900
|d 63900
|